[Event "Sentjur Ipavec Memorial 11th"]
[Site "Sentjur"]
[Date "2010.09.21"]
[Round "7"]
[White "Spelec, Darko"]
[Black "Jazbinsek, Vera"]
[Result "1-0"]
[WhiteElo "2014"]
[BlackElo "1627"]
[PlyCount "73"]
[EventDate "2010.09.17"]
[EventType "swiss"]
[EventRounds "9"]
[EventCountry "SLO"]
[SourceTitle "CBM 138 Extra"]
[Source "ChessBase"]
[SourceDate "2010.10.29"]
[SourceVersion "1"]
[SourceVersionDate "2010.10.29"]
[SourceQuality "1"]

1. d4 c6 2. c4 g6 3. e4 Bg7 4. Nc3 e6 5. Nf3 Ne7 6. Bg5 f6 7. Bf4 d5 8. c5 b6 9. Bd6 b5 10. Bd3 a5 11. 0-0 Ba6 12. Re1 Ra7 13. exd5 exd5 14. Qe2 Rf8 15. a4 Rf7 16. axb5 Bc8 17. Bxb8 Rb7 18. Bd6 Bd7 19. b6 Kf8 20. Bxe7+ Rxe7 21. Qxe7+ Qxe7 22. Rxe7 Kxe7 23. Rxa5 h5 24. Bxg6 h4 25. h3 f5 26. Ra7 Bc8 27. Bxf5 Rxa7 28. bxa7 Bb7 29. Na4 Kf6 30. Bc8 Bxc8 31. a8Q Be6 32. Qd8+ Kf7 33. Ng5+ Kg6 34. Nxe6 Bf6 35. Qg8+ Kh6 36. f4 Kh5 37. Qh7# 1-0

[Event "Sentjur Ipavec Memorial 11th"]
[Site "Sentjur"]
[Date "2010.09.19"]
[Round "4"]
[White "Jazbinsek, Vera"]
[Black "Nikolic, Stanko"]
[Result "0-1"]
[WhiteElo "1627"]
[BlackElo "1968"]
[PlyCount "132"]
[EventDate "2010.09.17"]
[EventType "swiss"]
[EventRounds "9"]
[EventCountry "SLO"]
[SourceTitle "CBM 138 Extra"]
[Source "ChessBase"]
[SourceDate "2010.10.29"]
[SourceVersion "1"]
[SourceVersionDate "2010.10.29"]
[SourceQuality "1"]

1. c4 c5 2. Nf3 Nf6 3. Nc3 d5 4. cxd5 Nxd5 5. g3 Nc6 6. Bg2 Nc7 7. 0-0 g6 8. d3 Bg7 9. Bd2 0-0 10. Qc1 Ne6 11. Bh6 Bd7 12. Rb1 Rc8 13. Nh4 Ned4 14. Bxg7 Kxg7 15. e3 Nf5 16. Nf3 e5 17. Rd1 Re8 18. Ne4 b6 19. g4 Nh6 20. Nd6 Nxg4 21. Nxe8+ Qxe8 22. a3 Qe7 23. Qd2 a5 24. Qe2 f5 25. e4 f4 26. h3 Nf6 27. b3 Rf8 28. Rb2 Kh8 29. Qd2 Nh5 30. Kf1 g5 31. Qc3 g4 32. hxg4 Bxg4 33. Ke1 Nd4 34. Nxd4 cxd4 35. Qc6 Bxd1 36. Kxd1 Qxa3 37. Rc2 Qxb3 38. Kd2 Qb4+ 39. Kd1 f3 40. Bf1 Qb1+ 41. Rc1 Qb3+ 42. Kd2 Nf4 43. Qc7 Qb4+ 44. Kd1 Qb5 45. Qd6 Kg8 46. Qe7 Qb3+ 47. Rc2 Ng6 48. Qd7 a4 49. Bh3 Qxd3+ 50. Kc1 Qa3+ 51. Kb1 Qb4+ 52. Rb2 Qe7 53. Qxa4 Nf4 54. Qc4+ Kg7 55. Bf5 Qc5 56. Qa6 Rf6 57. Qa7+ Rf7 58. Qb8 d3 59. Qd8 h6 60. Qb8 Ne2 61. Rxb6 Nc3+ 62. Kb2 Na4+ 63. Kb3 Qxb6+ 64. Qxb6 Nxb6 65. Kc3 Rxf5 66. exf5 e4 0-1

[Event "Sentjur Ipavec Memorial 10th"]
[Site "Sentjur"]
[Date "2009.09.??"]
[Round "5"]
[White "Jazbinsek, Vera"]
[Black "Gazvoda, Franc"]
[Result "0-1"]
[WhiteElo "1616"]
[BlackElo "2030"]
[PlyCount "82"]
[EventDate "2009.09.??"]
[EventType "swiss"]
[EventRounds "9"]
[EventCountry "SLO"]
[SourceTitle "CBM 132 Extra"]
[Source "ChessBase"]
[SourceDate "2009.11.03"]
[SourceVersion "1"]
[SourceVersionDate "2009.11.03"]
[SourceQuality "1"]

1. e4 c5 2. Nf3 e6 3. Nc3 Nc6 4. Bc4 a6 5. a3 Nf6 6. d3 Qc7 7. Ng5 h6 8. Nh3 Be7 9. f4 d6 10. 0-0 0-0 11. Ba2 b5 12. Be3 b4 13. Nb1 h5 14. Nf2 Bd7 15. Nd2 g6 16. c3 a5 17. Rc1 bxa3 18. bxa3 Rab8 19. d4 a4 20. Nd3 Ng4 21. Qf3 Nxe3 22. Qxe3 Na5 23. f5 Kg7 24. Rf3 Nb3 25. Rcf1 cxd4 26. cxd4 Nxd2 27. Qxd2 Bf6 28. Nf4 Qb6 29. Rd1 d5 30. e5 Bxe5 31. Nxh5+ Kh7 32. Nf6+ Bxf6 33. Rh3+ Kg8 34. Qh6 Bxd4+ 35. Kh1 Rfd8 36. Qh7+ Kf8 37. fxg6 Be8 38. Rf3 f5 39. g4 Bg7 40. Rf4 Bf6 41. Rdf1 Rd7 0-1

[Event "SLO-chT (Women)"]
[Site "Kozje"]
[Date "2008.12.06"]
[Round "9"]
[White "Jazbinsek, Vera"]
[Black "Mihevc Mohr, Narcisa"]
[Result "0-1"]
[WhiteElo "1643"]
[BlackElo "2141"]
[PlyCount "114"]
[EventDate "2008.11.27"]
[EventType "team-tourn"]
[EventRounds "9"]
[EventCountry "SLO"]
[SourceTitle "CBM 127 Extra"]
[Source "ChessBase"]
[SourceDate "2009.01.08"]
[SourceVersion "2"]
[SourceVersionDate "2009.01.28"]
[SourceQuality "1"]

1. e4 c5 2. Nf3 Nc6 3. d4 cxd4 4. Nxd4 Nf6 5. Nc3 e6 6. Bg5 Bb4 7. Be2 Qa5 8. Bxf6 Bxc3+ 9. bxc3 Qxc3+ 10. Kf1 gxf6 11. Nxc6 bxc6 12. h4 a5 13. Rh3 Qe5 14. Bd3 Ba6 15. Rb1 Bxd3+ 16. Qxd3 Rb8 17. Rd1 Qb5 18. c4 Qb7 19. Qc3 Qb4 20. Qd4 Qe7 21. Qa7 Rd8 22. Qxa5 0-0 23. Qh5 Kh8 24. c5 Rg8 25. Rhd3 Rg6 26. Rd6 Kg7 27. g3 Rh6 28. Qf3 Ra8 29. a3 Ra7 30. Qc3 Rh5 31. R1d3 Qd8 32. Rxc6 Qa8 33. Rb6 Qxe4 34. Rf3 Re5 35. Rb4 Qd5 36. Rg4+ Kf8 37. c6 Qxc6 38. Qb4+ Qc5 39. Qb8+ Ke7 40. Rg8 Qb5+ 41. Qxb5 Rxb5 42. Rg7 Rba5 43. Rxh7 Rxa3 44. Rf4 R7a4 45. Rxa4 Rxa4 46. Rh8 Ra1+ 47. Kg2 d5 48. h5 d4 49. h6 d3 50. h7 d2 51. Rd8 Kxd8 52. h8Q+ Ke7 53. Qb8 d1Q 54. Qb4+ Qd6 55. Qb7+ Kf8 56. Qc8+ Kg7 57. Qc2 Qd5+ 0-1

[Event "SLO-chT (Women)"]
[Site "Kozje"]
[Date "2008.12.06"]
[Round "8"]
[White "Vajda, Szidonia"]
[Black "Jazbinsek, Vera"]
[Result "1-0"]
[WhiteElo "2380"]
[BlackElo "1643"]
[PlyCount "54"]
[EventDate "2008.11.27"]
[EventType "team-tourn"]
[EventRounds "9"]
[EventCountry "SLO"]
[SourceTitle "CBM 127 Extra"]
[Source "ChessBase"]
[SourceDate "2009.01.08"]
[SourceVersion "2"]
[SourceVersionDate "2009.01.28"]
[SourceQuality "1"]

1. e4 e5 2. Nf3 Nc6 3. Nc3 Bc5 4. Bb5 d6 5. d4 exd4 6. Nxd4 Bd7 7. Nxc6 bxc6 8. Ba4 Qf6 9. 0-0 Ne7 10. Qe2 0-0 11. Be3 Bb6 12. Rae1 Qg6 13. f4 f5 14. e5 dxe5 15. Bxb6 cxb6 16. Qxe5 Rae8 17. Bb3+ Kh8 18. Qc7 Nd5 19. Nxd5 cxd5 20. Qxd7 Rd8 21. Qe6 Rf6 22. Qe7 Rdf8 23. Bxd5 h5 24. Re6 Rc8 25. Rxf6 gxf6 26. Re1 h4 27. h3 Rb8 1-0

[Event "SLO-chT (Women)"]
[Site "Kozje"]
[Date "2008.12.04"]
[Round "6"]
[White "Krivec, Jana"]
[Black "Jazbinsek, Vera"]
[Result "1-0"]
[WhiteElo "2345"]
[BlackElo "1643"]
[PlyCount "79"]
[EventDate "2008.11.27"]
[EventType "team-tourn"]
[EventRounds "9"]
[EventCountry "SLO"]
[SourceTitle "CBM 127 Extra"]
[Source "ChessBase"]
[SourceDate "2009.01.08"]
[SourceVersion "2"]
[SourceVersionDate "2009.01.28"]
[SourceQuality "1"]

1. e4 e6 2. d4 Be7 3. Qg4 g6 4. Bd3 Nc6 5. c3 d5 6. e5 a5 7. h4 f5 8. Qg3 b6 9. Nf3 Bb7 10. h5 g5 11. Nxg5 Bxg5 12. Bxg5 Nge7 13. Bf6 Rf8 14. Qg7 Qd7 15. Qxh7 0-0-0 16. Bb5 Rde8 17. Nd2 Rg8 18. g3 Kb8 19. h6 Ka7 20. Qf7 Rgf8 21. Qh5 Ng8 22. Bg7 Nxh6 23. Bxf8 Ng4 24. Ba3 Ba6 25. Bxa6 Kxa6 26. Qh7 Ne7 27. Qf7 c5 28. Rh7 Qb5 29. Qxe6 Qd3 30. Bxc5 Qb5 31. a4 Qc6 32. Qxc6 Nxc6 33. Bd6 Nd8 34. f3 Ne3 35. Kf2 f4 36. gxf4 Nf5 37. Rg1 Ne6 38. Rf7 Nxf4 39. Rxf5 Nh3+ 40. Kf1 1-0

[Event "SLO-chT (Women)"]
[Site "Kozje"]
[Date "2008.11.30"]
[Round "5"]
[White "Jazbinsek, Vera"]
[Black "Topic, Jelena"]
[Result "0-1"]
[WhiteElo "1643"]
[BlackElo "1932"]
[PlyCount "94"]
[EventDate "2008.11.27"]
[EventType "team-tourn"]
[EventRounds "9"]
[EventCountry "SLO"]
[SourceTitle "CBM 127 Extra"]
[Source "ChessBase"]
[SourceDate "2009.01.08"]
[SourceVersion "2"]
[SourceVersionDate "2009.01.28"]
[SourceQuality "1"]

1. c4 f5 2. d4 Nf6 3. Bg5 g6 4. e3 Bg7 5. Nf3 c6 6. Be2 0-0 7. Nc3 Na6 8. Qb3 Kh8 9. 0-0 d6 10. Rad1 Qe8 11. Bxf6 Bxf6 12. Ne1 Nc7 13. f4 Ne6 14. Nd3 Nd8 15. Rd2 Nf7 16. Qd1 e5 17. Nf2 e4 18. Kh1 a6 19. g4 b5 20. g5 Bd8 21. cxb5 axb5 22. a3 Ba5 23. b4 Bd8 24. Qa1 Kg8 25. d5 Bb7 26. Qb2 Bb6 27. Nfd1 Ra7 28. dxc6 Bxc6 29. Nd5 Bxd5 30. Rxd5 Qc6 31. Qb3 Rxa3 32. Bxb5 Rxb3 33. Bxc6 Rxb4 34. Rb5 Rxb5 35. Bxb5 Rc8 36. Rf2 Rc1 37. Ba4 Bxe3 38. Rb2 Bxf4 39. h4 d5 40. Kg2 Kf8 41. Nf2 d4 42. Rc2 Rxc2 43. Bxc2 d3 44. Bxd3 exd3 45. Nxd3 Bd6 46. Nb2 Ne5 47. Na4 f4 0-1

[Event "Sentjur Ipavec Memorial 9th"]
[Site "Sentjur"]
[Date "2008.11.08"]
[Round "3"]
[White "Jazbinsek, Vera"]
[Black "Plahuta, Darko"]
[Result "0-1"]
[WhiteElo "1643"]
[BlackElo "2101"]
[PlyCount "101"]
[EventDate "2008.11.07"]
[EventType "swiss"]
[EventRounds "9"]
[EventCountry "SLO"]
[SourceTitle "EXT 2010"]
[Source "ChessBase"]
[SourceDate "2010.11.25"]
[SourceVersion "1"]
[SourceVersionDate "2010.11.25"]
[SourceQuality "1"]

1. c4 e6 2. Nc3 c5 3. Nf3 Nc6 4. b3 Nf6 5. Bb2 d5 6. e3 Be7 7. Be2 d4 8. exd4 cxd4 9. Nb1 e5 10. d3 0-0 11. Nbd2 Ne8 12. 0-0 f5 13. Ne1 Nd6 14. Ba3 Nf7 15. Bxe7 Qxe7 16. f4 e4 17. Nc2 Rd8 18. a3 a5 19. Qb1 b6 20. Qb2 Bb7 21. b4 axb4 22. axb4 Rxa1 23. Rxa1 g6 24. b5 Na5 25. Nb3 Nxc4 26. dxc4 d3 27. Ncd4 dxe2 28. Qxe2 Qb4 29. h4 Nd6 30. h5 Qxc4 31. Qb2 Nxb5 32. Rc1 Qd5 33. Nxb5 Qxb5 34. Rc7 Rd7 35. Rxd7 Qxd7 36. h6 Qd1+ 37. Kh2 Qh5+ 38. Kg1 Qxh6 39. Qe5 Qf8 40. Nd4 Qc5 41. Qe6+ Kg7 42. Qd7+ Kh6 43. Qd8 Qc1+ 44. Kh2 Qxf4+ 45. Kg1 e3 46. Nf3 Bxf3 47. gxf3 Qxf3 48. Kh2 e2 49. Qf8+ Kh5 50. Qe7 Qf4+ 51. Kg2 0-1

[Event "Slovenske Konjice op 4th"]
[Site "Slovenske Konjice"]
[Date "2007.04.22"]
[Round "9"]
[White "Matko, Milan"]
[Black "Jazbinsek, Vera"]
[Result "1-0"]
[WhiteElo "2192"]
[BlackElo "1692"]
[PlyCount "34"]
[EventDate "2007.04.13"]
[EventType "swiss"]
[EventRounds "9"]
[EventCountry "SLO"]
[SourceTitle "CBM 118 Extra"]
[Source "ChessBase"]
[SourceDate "2007.07.04"]
[SourceVersion "1"]
[SourceVersionDate "2007.07.04"]
[SourceQuality "1"]

1. g3 e6 2. Bg2 d5 3. Nf3 Nf6 4. 0-0 Bd6 5. d3 Nbd7 6. Nc3 c6 7. e4 Qc7 8. Nd4 Be5 9. Nde2 d4 10. Nb1 Qb6 11. Nd2 Nf8 12. Nc4 Qc5 13. b4 Qe7 14. Nxe5 c5 15. bxc5 Qxc5 16. Nc4 N8d7 17. Ba3 Qc6 1-0

[Event "Slovenske Konjice op 4th"]
[Site "Slovenske Konjice"]
[Date "2007.04.14"]
[Round "2"]
[White "Jazbinsek, Vera"]
[Black "Krumpacnik, Domen"]
[Result "0-1"]
[WhiteElo "1692"]
[BlackElo "2406"]
[PlyCount "96"]
[EventDate "2007.04.13"]
[EventType "swiss"]
[EventRounds "9"]
[EventCountry "SLO"]
[SourceTitle "CBM 118 Extra"]
[Source "ChessBase"]
[SourceDate "2007.07.04"]
[SourceVersion "1"]
[SourceVersionDate "2007.07.04"]
[SourceQuality "1"]

1. c4 Nf6 2. Nc3 c5 3. b3 b6 4. Bb2 Bb7 5. e3 e6 6. Nf3 Be7 7. Be2 0-0 8. 0-0 d5 9. cxd5 exd5 10. d4 Nbd7 11. Rc1 Rc8 12. h3 a6 13. Ne5 Re8 14. Nxd7 Qxd7 15. Na4 Qe6 16. dxc5 bxc5 17. Bxf6 Qxf6 18. Bg4 Rc7 19. Qf3 Qe5 20. Qf5 Qd6 21. Rfd1 g6 22. Qd3 Rd8 23. Bf3 Qe6 24. Qe2 h5 25. Nb2 Bd6 26. Nd3 Qf6 27. Ne1 Qe5 28. g3 h4 29. Nd3 Qe6 30. Kg2 hxg3 31. fxg3 Re8 32. Re1 Qf5 33. Rcd1 c4 34. bxc4 dxc4 35. Nf4 Bxf4 36. gxf4 c3 37. Rc1 Rd8 38. Rcd1 Rxd1 39. Rxd1 Bxf3+ 40. Qxf3 c2 41. Rc1 Qd3 42. Qf1 Qxe3 43. f5 Qg5+ 44. Kh2 Qxf5 45. Qe1 Qf4+ 46. Kg2 Rc5 47. h4 Rc4 48. h5 Qg5+ 0-1